| 000 | 00467nam a22001697a 4500 | ||
|---|---|---|---|
| 005 | 20251108164117.0 | ||
| 008 | 250721s1995 xx 000 0 ara d | ||
| 082 | 1 | 4 | _aم/687.03/مطل |
| 100 | 1 | _aمطلوب، أحمد | |
| 245 | 1 | 0 | _aمعجم الملابس في لسان العرب / |
| 264 | 1 |
_aبيروت : _bمكتبة لبنان، _c1995. |
|
| 300 | _a142ص | ||
| 650 | 1 | 7 | _aالملابس |
| 650 | 1 | 7 | _aالقواميس |
| 942 |
_2ddc _cREF |
||
| 999 |
_c3874 _d3874 |
||